Plastic and reconstructive surgery. (Record no. 5017)
[ view plain ]
| 000 -LEADER | |
|---|---|
| fixed length control field | 01016cam a22003371| 4500 |
| 001 - CONTROL NUMBER | |
| control field | 1278774 |
| 003 - CONTROL NUMBER IDENTIFIER | |
| control field | ALUPE UNIVERSITY |
| 005 - DATE AND TIME OF LATEST TRANSACTION | |
| control field | 20220401121301.0 |
| 008 - FIXED-LENGTH DATA ELEMENTS--GENERAL INFORMATION | |
| fixed length control field | 710310s1971 paua b 1 0 eng x |
| 010 ## - LIBRARY OF CONGRESS CONTROL NUMBER | |
| LC control number | 74103537 |
| 020 ## - INTERNATIONAL STANDARD BOOK NUMBER | |
| International Standard Book Number | 0803659601 |
| 035 ## - SYSTEM CONTROL NUMBER | |
| System control number | ocm00124774 |
| 040 ## - CATALOGING SOURCE | |
| Original cataloging agency | LC |
| Language of cataloging | eng |
| Transcribing agency | ALUPE UNIVERSITY |
| 049 ## - LOCAL HOLDINGS (OCLC) | |
| Holding library | AEU |
| 050 #0 - LIBRARY OF CONGRESS CALL NUMBER | |
| Classification number | RD118 |
| Item number | .M4 1971 |
| 082 ## - DEWEY DECIMAL CLASSIFICATION NUMBER | |
| Classification number | 617/.95 |
| 090 0# - LOCALLY ASSIGNED LC-TYPE CALL NUMBER (OCLC); LOCAL CALL NUMBER (RLIN) | |
| Classification number (OCLC) (R) ; Classification number, CALL (RLIN) (NR) | RD 118 M46 1971 |
| Local cutter number (OCLC) ; Book number/undivided call number, CALL (RLIN) | AEU |
| 100 1# - MAIN ENTRY--PERSONAL NAME | |
| Personal name | May, Hans, |
| Dates associated with a name | 1902- |
| 245 10 - TITLE STATEMENT | |
| Title | Plastic and reconstructive surgery. |
| 250 ## - EDITION STATEMENT | |
| Edition statement | 3d ed. |
| 260 ## - PUBLICATION, DISTRIBUTION, ETC. | |
| Place of publication, distribution, etc. | Philadelphia: |
| Name of publisher, distributor, etc. | F. A. Davis Co., |
| Date of publication, distribution, etc. | [c1971] |
| 300 ## - PHYSICAL DESCRIPTION | |
| Extent | xv, 1254 p.: |
| Other physical details | illus. (part col.); |
| Dimensions | 27 cm. |
| 336 ## - CONTENT TYPE | |
| Content type term | text |
| Content type code | txt |
| Source | rdacontent |
| 337 ## - MEDIA TYPE | |
| Media type term | unmediated |
| Media type code | n |
| Source | rdamedia |
| 338 ## - CARRIER TYPE | |
| Carrier type term | volume |
| Carrier type code | nc |
| Source | rdacarrier |
| 500 ## - GENERAL NOTE | |
| General note | 1947-68 editions published under title: Reconstructive and reparative surgery. |
| 504 ## - BIBLIOGRAPHY, ETC. NOTE | |
| Bibliography, etc. note | Includes bibliographies. |
| 650 #0 - SUBJECT ADDED ENTRY--TOPICAL TERM | |
| Topical term or geographic name entry element | Surgery, Plastic. |
| 740 0# - ADDED ENTRY--UNCONTROLLED RELATED/ANALYTICAL TITLE | |
| Uncontrolled related/analytical title | Reconstructive and reparative surgery. |
| 942 ## - ADDED ENTRY ELEMENTS (KOHA) | |
| Source of classification or shelving scheme | |
| Koha item type | Book |
| Suppress in OPAC | JO |
| Withdrawn status | Lost status | Source of classification or shelving scheme | Damaged status | Not for loan | Permanent Location | Current Location | Shelving location | Date acquired | Source of acquisition | Total Checkouts | Full call number | Barcode | Date last seen | Price effective from | Koha item type | Public note |
|---|---|---|---|---|---|---|---|---|---|---|---|---|---|---|---|---|
| AU LIBRARY | AU LIBRARY | Open Shelf | 01.04.2022 | DONATION FROM MOI UNIVERSITY | RD118 .M4 1971 | 28007427 | 01.04.2022 | 01.04.2022 | Book | JO |